000 00667nas a2200241 4500
001 BR0800622
003 BR-BrBNA
005 20231205111525.0
007 ta
008 230509b bl.|||p| |||| 00| 00por d
040 _aBR-BrBNA
_bpor
_cBiblioteca Nacional de Agricultura
041 _a(Pt)
072 _aL73
100 1 _aLangenegger, J.
100 1 _aCosta, R. de P.
245 1 _aTratamento da sarna demodécica do cão con Neguvon
650 _aCÃO
650 _aSARNA
650 _aTRATAMENTO
773 0 _tVeterinária (Brazil)
_x
_g(Jan-Jun 1962), v. 15(1-2) p. 11-17
_wBR0800622
909 _a202311
_bLúcia
_c55
_dLúcia Elande
942 _2AGRIS
_n0
_cANA
999 _c193170
_d193170